000 00522cam a2200181ua 4500
001 11376
005 20260515114739.0
008 190916n ii |||gr||||Z||||||eng
040 _cMAIN
082 _a824
100 _aMeenakshi Mukherjee . ,
_eAuthor.,
245 _aThe perishable empire :
_bessays on Indian writing in english /
_cBy Meenakshi Mukherjee .
260 _a[s.l]:
_bOxford University Press,
_c2000.
300 _a212p.
653 _aEnglish essays
653 _aIndian writing in english
942 _cBK
999 _c10207
_d10207